| 000 | 00504nam a2200169Ia 4500 | ||
|---|---|---|---|
| 008 | 230917s9999||||xx |||||||||||||| ||und|| | ||
| 020 | _cRS1155 | ||
| 040 |
_e255390 _aMAIN |
||
| 041 | _aEnglish | ||
| 082 | _a515 S53A | ||
| 100 | _aSimon, Barry | ||
| 245 | 0 | _aAdvanced complex analysis: A comprehensive course in analysis, Part 2B | |
| 260 |
_aRhode Island _bAmerican Mathematical Society _c2017 |
||
| 300 | _axvi, 321 p. | ||
| 500 | _a3459 08/05/2019 HBD19/7844 04/06/2019 Main Budget | ||
| 942 | _cBK | ||
| 999 |
_c31067 _d31067 |
||